Destiny Weapons and Class Items - Statistics

General Stats
  • This quiz has been taken 75 times
  • The average score is 17 of 39
Answer Stats
Hint Answer % Correct
VoG Hand Cannon Fatebringer
87%
VoG Exotic Vex Mythoclast
85%
VoG Scout Rifle Vision of Confluence
77%
CE Sniper Rifle Black Hammer
71%
VoG Auto Rifle Atheon's Epilogue
69%
CE Hard Shader Glowhoo
68%
CE Hand Cannon Word of Crota
66%
VoG Shader Chatterwhite
65%
CE Rocket Launcher Hunger of Crota
63%
VoG Sniper Rifle Praedyth's Revenge
63%
VoG Shotgun Found Verdict
60%
VoG Sparrow XV0 Timebreaker
56%
CE Scout Rifle Fang of Ir Yut
55%
CE Shotgun Swordbreaker
53%
VoG Pulse Rifle Praedyth's Timepiece
52%
CE Auto Rifle Abyss Defiant
50%
CE Machine Gun Song of Ir Yut
48%
VoG Hard Ship Aspect of Glass
45%
VoG Fusion Rifle Praetorian Foil
45%
VoG Machine Gun Corrective Measure
44%
CE Pulse Rifle Oversoul Edict
44%
IB Shotgun Felwinter's Lie
42%
CE Fusion Rifle Light of the Abyss
42%
VoG Rocket Launcher Hezen Vengeance
40%
CE Sparrow S-13 Graverobber
39%
CE Emblem Crota's End
35%
CE Normal Shader Cryptographic
32%
IB Machine Gun Jolder's Hammer
31%
CE Exotic Necrocasm
31%
VoG Normal Ship Glass Minuet
27%
IB Sniper Rifle Efrideet's Spear
24%
IB Hand Cannon Timur's Lash
24%
CE Normal Ship Light in the Abyss
23%
IB Rocket Launcher Radegast's Fury
21%
CE Hard Ship Bane of Dark Gods
19%
IB Auto Rifle Silimar's Wrath
11%
IB Scout Rifle Gheleon's Demise
10%
IB Pulse Rifle Skorri's Revenge
10%
IB Fusion Rifle Perun's Fire
6%
No matching quizzes found
Score Distribution
Percent of People with Each Score
Percentile by Number Answered
Your Score History
You have not taken this quiz